أحكام النسب في الفقه الاسلامي /
محفوظ في:
| المؤلف الرئيسي: | |
|---|---|
| مؤلفون آخرون: | |
| التنسيق: | أطروحة |
| اللغة: | Arabic |
| منشور في: |
Filastin :
Jami'at al-Najah al-Wataniyah,
2001.
|
| الموضوعات: | |
| الوسوم: |
إضافة وسم
لا توجد وسوم, كن أول من يضع وسما على هذه التسجيلة!
|
| LEADER | 018020000a22003370004500 | ||
|---|---|---|---|
| 001 | 489142 | ||
| 005 | 20100423091800.0 | ||
| 008 | s2001 jo f m ara d | ||
| 035 | |a (Sirsi) 489142 | ||
| 040 | |a UIAM |b eng | ||
| 041 | |a ara | ||
| 050 | 0 | 4 | |a BP158.5.K44 |
| 100 | 1 | |a بدير، فؤاد مرشد داؤود | |
| 242 | 1 | 0 | |a Ahkam al-nasab fi al-fiqh al-Islami |
| 245 | 1 | 0 | |a أحكام النسب في الفقه الاسلامي / |c فؤاد مرشد داؤود بدير, اشراف مأمون الرفاعي |
| 260 | |a Filastin : |b Jami'at al-Najah al-Wataniyah, |c 2001. | ||
| 300 | |a xx, 230 leaves ; |c 30 cm. | ||
| 500 | |a Abstract in English and Arabic. | ||
| 500 | |a "Quddimat hadhihi al-utruhah istikmalan li mutatallibat darajt al-Majistir bi Kulliyat al-Dirasat al-'Ulya, Qism al-Fiqh wa al-Tashri', Jami'at al-Najah al-Wataniyah.'--On t. p. | ||
| 502 | |a Thesis (M.A.)--Jami'at al-Najah al-Wataniyah, 2001. | ||
| 504 | |a Includes bibliographical references (leaves 214-230). | ||
| 596 | |a 1 4 | ||
| 650 | |a Consanguinity (Islamic Law) | ||
| 655 | |a Theses, Facsimile edition (Islamic) | ||
| 700 | |a Budayr, Fu'ad Mirshad Dawud | ||
| 710 | 2 | |a Jami'at al-Najah al-Wataniyah. |b Kulliyat al-Dirasat al-'Ulya. Qism al-Fiqh wa al-Tashri' | |
| 710 | 2 | |a جامعة النجاح الوطنية. |b كلية الدراسات العليا. قسم الفقه والتشريع | |
| 900 | |a pts sere-ami | ||
| 999 | |c 432847 |d 464824 | ||
| 952 | |0 0 |6 TI BP 158.5 K44 B927A 2001 |7 0 |8 THESES |9 754051 |a IIUM |b IIUM |c MULTIMEDIA |g 337.50 |o ti BP 158.5 K44 B927A 2001 |p 00011170475 |r 2017-10-23 |t 1 |v 337.50 |y THESIS | ||
| 952 | |0 0 |6 TI BP 158.5 K44 B927A 2001 |7 0 |8 THESES |9 756488 |a IIiBFL |b IIiBFL |c CLOSEACCES |g 330.00 |o ti BP 158.5 K44 B927A 2001 |p 00011203268 |r 2017-11-01 |t 1 |v 330.00 |y THESIS | ||
